Estudio del riesgo del mini acueducto por gravedad de las comunidades La Medalla, San Benito y San Joaquín, municipio de El Tuma-La Dalia, Departamento de Matagalpa

La investigación presenta un estudio del riesgo de un mini acueducto por gravedad realizado en el año 2014 para tres comunidades La Medalla, San Benito y San Joaquín, ubicado en el municipio de El Tuma-La Dalia del departamento de Matagalpa. Se elabora la línea base ambiental de las tres comunid...

Full description

Bibliographic Details
Main Author: Hurtado Peña, Amy Lenneth
Other Authors: Tutor: García Granados, Indiana
Format: Tesis Section = Libro
Language:Undetermined
Spanish
Published: Managua UNI 2015
Subjects:
LEADER 01426nam a2200277Ia 4500
008 240830s9999 xx 000 0 und d
040 |a BIBLIOTECA-RUSB/ T.Mon 628.72 H967 
041 |a spa 
082 |a T.Mon 628.72 H967 
100 1 |a Hurtado Peña, Amy Lenneth 
245 1 0 |a Estudio del riesgo del mini acueducto por gravedad de las comunidades La Medalla, San Benito y San Joaquín, municipio de El Tuma-La Dalia, Departamento de Matagalpa 
260 |a Managua  |b UNI  |c 2015 
300 |a 141 p. :il. 
500 |a Contiene: anexos. 
502 |a Tesis (Diplomado Impacto de los desastres en infraestructuras de agua potable y saneamiento) - UNI, 2015. 
520 3 |a La investigación presenta un estudio del riesgo de un mini acueducto por gravedad realizado en el año 2014 para tres comunidades La Medalla, San Benito y San Joaquín, ubicado en el municipio de El Tuma-La Dalia del departamento de Matagalpa. Se elabora la línea base ambiental de las tres comunidades, se describe cada uno de los elementos que conforman el sistema de agua potable desde la obra de captación hasta la red de distribución, 
650 7 |a SISTEMA DE AGUA POTABLE 
650 7 |b  AGUA POTABLE 
650 7 |c  ABASTECIMIENTO DE AGUA 
650 7 |d  SANEAMIENTO 
650 7 |e  TRATAMIENTO DEL AGUA 
650 7 |f  CAMBIO CLIMATICO 
700 1 |a Tutor:  |b García Granados, Indiana 
942 |c BK  |2 ddc 
991 |a TESIS 
999 |c 21890